La transformación contradictoria: Democracia elitista y mercado excluyente en Centroamérica /
El texto explora los impactos de la triple transición (de la guerra a la paz, de la dictadura a la democracia y de un modelo de desarrollo estatalista a otro basado en el mercado, nuevas exportaciones y remesas) que ha experimentado Centroamérica desde hace tres décadas. Tomando como partida las deb...
Uloženo v:
| Hlavní autoři: | , |
|---|---|
| Médium: | Neznámo |
| Jazyk: | Spanish |
| Vydáno: |
San José, Costa Rica:
Universidad de Costa Rica. Instituto de Investigaciones Sociales,
2014.
|
| Témata: | |
| On-line přístup: | http://revistas.ucr.ac.cr/index.php/anuario/article/view/16634/16136 |
| Tagy: |
Přidat tag
Žádné tagy, Buďte první, kdo vytvoří štítek k tomuto záznamu!
|
MARC
| LEADER | 00000 a2200000 4500 | ||
|---|---|---|---|
| 008 | 151002s2014 cr a||n| |||| 00| b spa d | ||
| 022 | |a 03777316 | ||
| 040 | |a CIICLA | ||
| 041 | |a spa | ||
| 100 | 1 | |a Martí i Puig, Salvador |d 1969- | |
| 100 | 1 | |a Sánchez-Ancoechea, Diego | |
| 245 | 1 | 3 | |a La transformación contradictoria: Democracia elitista y mercado excluyente en Centroamérica / |c Salvador Martí i Puig, Diego Sánchez-Ancoechea |
| 260 | |a San José, Costa Rica: |b Universidad de Costa Rica. Instituto de Investigaciones Sociales, |c 2014. | ||
| 300 | |a 149-171 páginas | ||
| 520 | |a El texto explora los impactos de la triple transición (de la guerra a la paz, de la dictadura a la democracia y de un modelo de desarrollo estatalista a otro basado en el mercado, nuevas exportaciones y remesas) que ha experimentado Centroamérica desde hace tres décadas. Tomando como partida las debilidades tradicionales del modelo de desarrollo centroamericano y las características del proceso de transición, el artículo estudia los cambios en el funcionamiento de la democracia y en el modelo económico. Se presentan dos argumentos centrales. Primero, la triple transición ha permitido adoptar nuevas políticas públicas que contribuyen a la inclusión, y ha facilitado la emergencia de nuevos actores sociales y la creación de nuevos espacios para la protesta. Segundo la calidad de la democracia y los niveles de desarrollo son todavía muy bajos, de forma que la transformación política y social está resultando inconclusa y hasta truncada. Estos resultados contradictorios están causados por la perpetuación del poder elitista tanto en la esfera política como en la económica y por la debilidad continuada del Estado. | ||
| 650 | 1 | 4 | |a DEMOCRACIA |z AMÉRICA CENTRAL |
| 650 | 1 | 4 | |a DESIGUALDAD ECONOMICA |
| 651 | 1 | 4 | |a AMÉRICA CENTRAL |x POLITICA Y GOBIERNO |
| 773 | 0 | |w CCP19980330275 |x 0377-7316 |d San José, Costa RicaL Universidad de Costa Rica. Instituto de investigaciones sociales, c1974- |t Anuario de Estudios Centroamericanos / |g Volumen 40, 149-171 páginas, 2014 | |
| 856 | 3 | 0 | |u http://revistas.ucr.ac.cr/index.php/anuario/article/view/16634/16136 |
| 942 | |2 ddc |c ARC | ||
| 999 | |c 4516 |d 4516 | ||
